00350nam a2200133Ia 4500003000400000005001700004008004100021040000900062082001900071100001600090245006100106260004000167300000900207OSt20201211104840.0190216s9999||||xx |||||||||||||| ||und|| coclc a370.193bMAT/S aMathur, S S 2aA Sociological Approach To Indian Eduction /cS S Mathur bVinod Pustak Mandir, c1997.aAgra: a511p